Who said that? Walking Dead S4 Edition - Statistics

General Stats
  • This quiz has been taken 9 times
  • The average score is 8 of 15
Answer Stats
Hint Answer % Correct
"Look at the flowers" Carol
100%
"I let them turn... I made it so they couldn't bite, couldn't scratch. I tied chains around their necks. It was insane. It was sick. It felt like what I deserved" Michonne
100%
"If you're staying, this isn't a democracy anymore," Rick
100%
"Never had a pet pony. Never got nothing from Santa Claus. Never relied on anyone for protection before. Hell, I don't think I've ever relied on anyone for anything." Daryl
80%
"Don't worry. She'll come back. I didn't hurt her brain," Lizzie
80%
"I've already lost three of the people that I care about most in this world. Shut up. You're smart. You're brave. You're a leader. But you don't know it... I can't take you becoming one of them." Maggie
80%
"You either die a hero, or you live long enough to see yourself become the villain" The Governor
60%
"Neither one of us should be alive, right now. She got out, so you're gonna help me find her. Things aren't over," Glenn
40%
"The only thing you can choose is what you're risking it for," Hershel
40%
"I can kill Walkers. I mean, I've tried. I'm not like my sister. I'm not messed up. I know what they are. But I can't kill people: Mika
40%
"We're at war and retreat means we lose," Abraham
20%
"I'm just another monster, too," Carl
20%
"I'm going to be the last man standing" Beth
0%
"I don't believe in magic or luck. I do the math and I don't gamble. But I don't know if I'd be here right now if you weren't so damn stupid." Sasha
0%
"It's not about revenge, it's about getting it done," Tara
0%
No matching quizzes found
Score Distribution
Percent of People with Each Score
Percentile by Number Answered
Your Score History
You have not taken this quiz